Sea power in the next war, (Record no. 552551)
[ view plain ]
| 000 -LEADER | |
|---|---|
| fixed length control field | 00554cam a22001811 4500 |
| 082 ## - DEWEY DECIMAL CLASSIFICATION NUMBER | |
| Classification number | 359.009 |
| Author Mark | GRE |
| -- | D |
| 100 1# - MAIN ENTRY--PERSONAL NAME | |
| Personal name | Grenfell, Russell. |
| 9 (RLIN) | 49784 |
| 245 10 - TITLE STATEMENT | |
| Title | Sea power in the next war, |
| Statement of responsibility, etc. | by Commander Russell Grenfell. |
| 250 ## - EDITION STATEMENT | |
| Edition statement | "First published in 1938." |
| 260 ## - PUBLICATION, DISTRIBUTION, ETC. | |
| Place of publication, distribution, etc. | London, |
| Name of publisher, distributor, etc. | G. Bles |
| Date of publication, distribution, etc. | [1938] |
| 300 ## - PHYSICAL DESCRIPTION | |
| Extent | viii, 183, [1] p. |
| Dimensions | 21 cm. |
| 490 0# - SERIES STATEMENT | |
| Series statement | (The next war, a series ed. by Captain Liddell Hart) |
| 526 ## - STUDY PROGRAM INFORMATION NOTE | |
| Program name | 0 |
| Interest level | 0 |
| Reading level | 0 |
| Title point value | 359_009000000000000_GRE |
| 650 #0 - SUBJECT ADDED ENTRY--TOPICAL TERM | |
| Topical term or geographic name entry element | MCE |
| 9 (RLIN) | 379 |
| 650 #0 - SUBJECT ADDED ENTRY--TOPICAL TERM | |
| Topical term or geographic name entry element | Sea-power. |
| 9 (RLIN) | 49341 |
| 650 #0 - SUBJECT ADDED ENTRY--TOPICAL TERM | |
| Topical term or geographic name entry element | War. |
| 942 ## - ADDED ENTRY ELEMENTS (KOHA) | |
| Source of classification or shelving scheme | |
| Koha item type | Book |
| Withdrawn status | Lost status | Source of classification or shelving scheme | Damaged status | Not for loan | Permanent Location | Current Location | Shelving location | Date acquired | Total Checkouts | Full call number | Barcode | Date last seen | Price effective from | Koha item type |
|---|---|---|---|---|---|---|---|---|---|---|---|---|---|---|
| Military College of Engineering (MCE) | Military College of Engineering (MCE) | 01/19/2015 | 359.009 GRE | MCE-ECS/107 | 01/19/2015 | 01/19/2015 | Book |
